000
00292nam a22001337a 4500
008
170522b xxu||||| |||| 00| 0 eng d
020
_a
9780007280902
041
_a
eng
080
_a
94(100)
100
_a
16
101
_a
SHH
245
_a
HISTORY OF THE WORLD
_c
OVERY, R
942
_2
udc
_c
BK
999
_c
13759
_d
13759